书目信息 |
| 题名: |
电脑工业造型设计
|
|
| 作者: | 张本煦 , 易晓 , 张扬 编著 | |
| 分册: | ||
| 出版信息: | 北京 人民美术出版社 2001 |
|
| 页数: | 320页 | |
| 开本: | 26cm | |
| 丛书名: | 实用电脑设计丛书 | |
| 单 册: | ||
| 中图分类: | TB47 | |
| 科图分类: | ||
| 主题词: | 工业设计: 计算机辅助设计 , 工业设计 , 计算机辅助设计 | |
| 电子资源: | ||
| ISBN: | 7-102-02315-4 | |
| 000 | 00810nam2 2200277 45 | |
| 001 | 012004000000 | |
| 005 | 20041010113517.99 | |
| 010 | @a7-102-02315-4@dCNY 66.00 | |
| 100 | @a20040804d2001 em y0chiy0121 ea | |
| 101 | 0 | @achi |
| 102 | @aCN@b110000 | |
| 105 | @aa z 000yy | |
| 200 | 1 | @a电脑工业造型设计@Adian nao gong ye zao xing she ji@f张本煦, 易晓, 张扬编著 |
| 210 | @a北京@c人民美术出版社@d2001 | |
| 215 | @a320页@c图@d26cm@e附光盘1片 | |
| 225 | 2 | @a实用电脑设计丛书 |
| 410 | 0 | @12001 @a实用电脑设计丛书 |
| 606 | 0 | @a工业设计: 计算机辅助设计 |
| 606 | 0 | @a工业设计 |
| 606 | 0 | @a计算机辅助设计 |
| 690 | @aTB47@v4 | |
| 701 | 0 | @a张本煦@Azhang ben xi@4编著 |
| 701 | 0 | @a易晓@Ayi xiao@4编著 |
| 701 | 0 | @a张扬@Azhang yang@4编著 |
| 801 | 0 | @aCN@bQSSK@c20041010 |
| 905 | @a10447@dTB47@eZ070 | |
| 电脑工业造型设计/张本煦, 易晓, 张扬编著.-北京:人民美术出版社,2001 |
| 320页:图;26cm+附光盘1片.-(实用电脑设计丛书) |
| ISBN 7-102-02315-4:CNY 66.00 |
| ● |
| 相关链接 |
|
|
|
正题名:电脑工业造型设计
索取号:TB47/Z070
 
预约/预借
| 序号 | 登录号 | 条形码 | 馆藏地/架位号 | 状态 | 备注 |
| 1 | 398330 | 203983305 | 自科库501/501自科库 15排4列1层/ [索取号:TB47/Z070] | 在馆 | |
| 2 | 398331 | 203983314 | 自科二线504/501自科库 15排4列1层/ [索取号:TB47/Z070] | 在馆 |